Reagan contra la América Latina

Saved in:
Bibliographic Details
Main Author: Díaz Callejas, Apolinar
Format: Text
Published: Moscú: Agencia de Prensa Novosti
Tags: Add Tag
No Tags, Be the first to tag this record!

MARC

LEADER 00000 a a2200000 04500
001 24301
003
040
090 |a 166300  
100 |a Díaz Callejas, Apolinar  
245 |a Reagan contra la América Latina  
260 |a Moscú:   |b Agencia de Prensa Novosti  
300 |a 95 p; 2 copias   |b il.  
999 |c 2051  |d 2051